Marvel Rivals: Playable Characters by Picture - Statistics

General Stats
  • This quiz has been taken 889 times
    145 since last reset
  • The average score is 40 of 46
Answer Stats
Picture Answer % Correct
Adam Warlock
96%
Black Panther
96%
Black Widow
95%
Captain America
95%
Deadpool
95%
Hulk
95%
Doctor Strange
94%
Hela
94%
Iron Man
94%
Blade
93%
Daredevil
93%
Gambit
93%
Groot
93%
Hawkeye
93%
Human Torch
93%
Jeff the Land Shark ❤
93%
Loki
93%
Cloak & Dagger
92%
Iron Fist
92%
Emma Frost
91%
Invisible Woman
91%
Mantis
90%
Magneto
89%
Moon Knight
89%
Mister Fantastic
88%
Luna Snow
87%
Namor
86%
Phoenix
86%
Magik
85%
Punisher
85%
Rocket Raccoon
85%
Peni Parker
84%
Spider-Man
84%
Angela
82%
Scarlet Witch
82%
Psylocke
79%
Star-Lord
79%
Storm
79%
The Thing
79%
Thor
79%
Ultron
79%
Venom
79%
Rogue
78%
Squirrel Girl
77%
Winter Soldier
76%
Wolverine
75%
No matching quizzes found
Score Distribution
Percent of People with Each Score
Percentile by Number Answered
Your Score History
You have not taken this quiz since the last reset